000 02352nam0a2200385 i 4500
001 RU\NLR\bibl\1961151
005 20240921152128.0
010 _a9785863413716
_9200
021 _aRU
_b2012-76635
_95684
035 _a(nilc)RSL-KNO-005509209
035 _a(NLR Aleph) 001950149
090 _a3683953
_c3683953
100 _a20121015d2012 u y0rusy50 ca
101 0 _arus
102 _aRU
105 _aa |||||||||
200 1 _aОсновы товароведения и первичная обработка пушно-мехового сырья
_eучебно-методическое пособие для студентов высших учебных заведений, обучающихся по направлению подготовки (специальности) 111100 - Зоотехния (квалификация (степень) "бакалавр")
_fТинаев Н. И., Балакирев Н. А.
_gМ-во сельского хоз-ва РФ, Федеральное гос. бюджетное образовательное учреждение высш. проф. образования "Московская гос. акад. ветеринарной медицины и биотехнологии им. К. И. Скрябина"
210 _aМосква
_cФГБОУ ВПО МГАВМиБ
_d2012
215 _a165, [1] с.
_cил., табл.
_d21
320 _aБиблиогр.: с. 163-164
606 1 _aПушные шкуры
_jУчебно-методические пособия для высших учебных заведений
_xТовароведение
_92008748
_3RU\NLR\auth\66923551
606 1 _aПушные шкуры
_jУчебно-методические пособия для высших учебных заведений
_xПервичная обработка
_9914779
_3RU\NLR\auth\66334582
686 _aМ57-3я73-14
_2rubbk
686 _aМ571.01я73-14
_2rubbk
686 _aМ57-9я73-1
686 _aМ571.01я73-1
700 1 _aТинаев
_bН. И.
_gНиколай Иосифович
_4070
701 1 _aБалакирев
_bН. А.
_f1947-
_gНиколай Александрович
_4070
801 0 _aRU
_bRuMoRKP
_c20121015
_grcr
801 1 _aRU
_bРГБ
_c20121015
801 2 _aRU
_bNLR
_c20121031
_grcr
830 _aпо эк
942 _cBOOK
980 _aNBR